Responses for show #7975 - Friday, April 19, 2019

James Holzhauer game 12.

Contestants

[<< previous game]

Gabby McGregor, a public affairs manager from Reno, Nevada

Nate Marks, an actuary from Woodland Hills, California

James Holzhauer, a professional sports gambler from Las Vegas, Nevada (whose 11-day cash winnings total $771,920)

[next game >>]

Jeopardy! Round responses

ROCK ANIMALS
WOMEN OF THE WORLD
AMERICAN HISTORY
PHRASE ORIGINS
IN THE CABINET DEPARTMENT
NOVEL VOCABULARY
    $200 25
Eagles

James
    $200 26
Japan

James
    $200 27
Canada

James
    $200 28
rebel yell

Nate
    $200 30
Transportation

James
    $200 29
stealing

James
    $400 24
Seagulls

James
    $400 23
Jane Goodall

Nate
    $400 21
Fulton

James
    $400 22
silence is golden

James
    $400 19
Health and Human Services

James
    $400 20
a huddle

Nate
    $600 10
T. Rex

James
    $600 15
Malala

Gabby
    $600 11
(James: Who is Ed Koch?)

(Gerald) Ford

JamesNate
    $600 17
the wire

James
    $600 18
Agriculture

Gabby
    $600 16
quark

James
    $800 9
Modest Mouse

James
    $800 6
the World Bank

James
    $800 5
immigrants

Gabby
    $1,800 8
(Alex: Anything?)
(James: What is a skirmish?)

a dry run

James
    $800 12
Labor

James
    $800 13
sawbones

Triple Stumper
    $1000 2
the Arctic Monkeys

James
    $1000 3
Amal Clooney

James
    $1000 1
(James: Who are the Puritans?)

the Quakers

James
Triple Stumper
    $1000 7
tell it to the Marines

Triple Stumper
    $1000 14
the Justice Department

Triple Stumper
    $1000 4
(Nate: What is [*]?)
[ERRATUM: Nate's response was ruled correct, but the title of the work is The House of the Seven Gables.]

The House of Seven Gables

Nate

Scores at the first commercial break (after clue 15):

James Nate Gabby
$1,600 $1,600 $1,400

Scores at the end of the Jeopardy! Round:

James Nate Gabby
$5,400 $2,600 $2,000

Double Jeopardy! Round responses

ANIMAL ROCKS
BALLET
"Z"-POURRI
AUTO-BIOGRAPHIES
PLAYING VIDEO GAMES
THE END
    $400 30
a turtle

James
    $400 27
Sleeping Beauty

James
    $400 24
zinc

James
    $400 19
Ford

James
    $400 23
Angelina Jolie

Gabby
    $400 29
the Tudor dynasty

Nate
    $800 17
England

James
    $15,000 25
prima ballerina

James
    $800 20
Zulu

James
    $800 21
General Motors

James
    $800 22
Alicia Vikander

Gabby
    $800 28
buggy

James
    $1200 5
Hong Kong

Nate
    $1200 12
(James: Who is Herman?)

Jerome Robbins

James
Triple Stumper
    $1200 7
a zinnia

James
    $1200 3
Fins

James
    $1200 15
Rampage

James
    $8,200 4
the Reformation

James
    $1600 8
(Nate: What is Glendale?)

Los Angeles

Nate
Triple Stumper
    $1600 13
games

Triple Stumper
    $1600 1
Zionism

Nate
    $1600 2
(Carroll) Shelby

James
    $1600 6
Street Fighter

James
    $1600 18
the Great Recession

Gabby
    $2000 9
bear

James
    $2000 14
(Gabby: What is Hercules?)

Apollo

Gabby
Triple Stumper
    $2000 10
zombie

James
    $2000 11
(Nate: Who is French?)
(Alex: Sorry? Say--)
(Nate: French?)
(Alex: No.)

Bill France

Nate
Triple Stumper
    $2000 16
Resident Evil

James
    $2000 26
Jim Crow

Gabby

Scores at the end of the Double Jeopardy! Round:

James Nate Gabby
$45,000 $2,200 $4,800
(lock game)

[wagering suggestions for these scores]

Final Jeopardy! Round responses

BRITISH MONARCHS
(Alex: [To Nate] And who is Shannon?)
(Nate: My wife.)
NateWhat is the most benevolent and glorious reign of Queen Shannon I?
$0
GabbyWhat are William, George + Henry?
$300
JamesWhat are George, Edward & Henry happy birthday Katy ♥
$35,006
George, Edward & Henry

Final scores:

James Nate Gabby
$80,006 $2,200 $4,500
12-day champion: $851,926 3rd place: $1,000 2nd place: $2,000

Game dynamics:

Coryat scores:

James Nate Gabby
$25,600 $2,200 $4,800
35 R
(including 2 DDs),
4 W
(including 1 DD)
8 R,
2 W
7 R,
1 W

Combined Coryat: $32,600

The J! Archive is created by fans, for fans. The Jeopardy! game show and all elements thereof, including but not limited to copyright and trademark thereto, are the property of Jeopardy Productions, Inc. and are protected under law. This website is not affiliated with, sponsored by, or operated by Jeopardy Productions, Inc. Join the discussion at JBoard.tv.